| LEADER | 00925nam a22002291a 4500 | ||
|---|---|---|---|
| 001 | 650793 | ||
| 003 | GR-PaULI | ||
| 005 | 20250221124232.0 | ||
| 008 | 250221n2021||||gr g b|| g d | ||
| 020 | |a 9786185553098 | ||
| 040 | |a GR-PaULI |b gre |c GR-PaULI |e AACR2 | ||
| 082 | 0 | 4 | |a 305.3 |
| 100 | |a Λιότζης, Βαγγέλης. |9 208321 |e συγγραφέας | ||
| 245 | 1 | 0 | |a Σεξισμός : |b προσεγγίζοντας την επίμαχη αμφιθυμία / |c Βαγγέλης Λιότζης. |
| 260 | |a Αθήνα : |b Futura, |c 2021. | ||
| 300 | |a 213 σ. ; |c 21 εκ. | ||
| 504 | |6 Περιλαμβάνει βιβλιογραφία. | ||
| 650 | 4 | |a Σεξισμός. |9 192737 | |
| 942 | |2 ddc |c BK15 | ||
| 952 | |0 0 |1 0 |2 ddc |4 0 |6 305_300000000000000_ΛΙΟ |7 0 |9 387837 |a THST |b THST |d 2025-02-21 |i 018302 |l 0 |o 305.3 ΛΙΟ |p 025000310892 |r 2025-02-21 12:43:13 |t 1 |w 2025-02-21 |y BK15 | ||
| 998 | |c ΜΑΝΙΑ |d 2025-02 | ||
| 999 | |c 225001 |d 225001 | ||